Savoirs profanes et économie collaborative (notice n° 1667377)
[ vue normale ]
| 000 -LEADER | |
|---|---|
| fixed length control field | 01174cam a2200193 4500500 |
| 005 - DATE AND TIME OF LATEST TRANSACTION | |
| control field | 20260222003305.0 |
| 041 ## - LANGUAGE CODE | |
| Language code of text/sound track or separate title | fre |
| 042 ## - AUTHENTICATION CODE | |
| Authentication code | dc |
| 100 10 - MAIN ENTRY--PERSONAL NAME | |
| Personal name | Karsz, Saül |
| Relator term | author |
| 245 00 - TITLE STATEMENT | |
| Title | Savoirs profanes et économie collaborative |
| 260 ## - PUBLICATION, DISTRIBUTION, ETC. | |
| Date of publication, distribution, etc. | 2014.<br/> |
| 500 ## - GENERAL NOTE | |
| General note | 50 |
| 520 ## - SUMMARY, ETC. | |
| Summary, etc. | La question des aidants informels n’est pas dissociable de la question des travailleurs sociaux, tant historiquement que du point de vue de leurs modalités d’intervention respectives, de leur autonomie relative, de la respiration qu’ils peuvent représenter les uns pour les autres. Deux conditions sont requises pour une comparaison fructueuse : ne pas imaginer que leur nécessaire partenariat puisse être lisse et sans accrocs, ne plus esquiver l’enjeu de la définition rigoureuse et discutable de leurs périmètres, de leur raison d’être, de leur puissance et donc de leurs limites. |
| 690 ## - LOCAL SUBJECT ADDED ENTRY--TOPICAL TERM (OCLC, RLIN) | |
| Topical term or geographic name as entry element | aidants |
| 690 ## - LOCAL SUBJECT ADDED ENTRY--TOPICAL TERM (OCLC, RLIN) | |
| Topical term or geographic name as entry element | partenariat indispensable et non fusionnel |
| 690 ## - LOCAL SUBJECT ADDED ENTRY--TOPICAL TERM (OCLC, RLIN) | |
| Topical term or geographic name as entry element | travailleurs sociaux |
| 786 0# - DATA SOURCE ENTRY | |
| Note | Empan | 94 | 2 | 2014-06-01 | p. 13-18 | 1152-3336 |
| 856 41 - ELECTRONIC LOCATION AND ACCESS | |
| Uniform Resource Identifier | <a href="https://shs.cairn.info/revue-empan-2014-2-page-13?lang=fr&redirect-ssocas=7080">https://shs.cairn.info/revue-empan-2014-2-page-13?lang=fr&redirect-ssocas=7080</a> |
Pas d'exemplaire disponible.




Réseaux sociaux